<?xml version="1.0" encoding="UTF-8"?>
<record
    xmlns:xsi="http://www.w3.org/2001/XMLSchema-instance"
    xsi:schemaLocation="http://www.loc.gov/MARC21/slim http://www.loc.gov/standards/marcxml/schema/MARC21slim.xsd"
    xmlns="http://www.loc.gov/MARC21/slim">

  <leader>00856cam a2200241 a 4500</leader>
  <controlfield tag="001">sa 64004537 </controlfield>
  <controlfield tag="003">DLC</controlfield>
  <controlfield tag="005">20260227112025.0</controlfield>
  <controlfield tag="008">891013s1963    ii            000 0 gujo </controlfield>
  <datafield tag="010" ind1=" " ind2=" ">
    <subfield code="a">sa 64004537 </subfield>
  </datafield>
  <datafield tag="035" ind1=" " ind2=" ">
    <subfield code="a">(OCoLC)20488439</subfield>
  </datafield>
  <datafield tag="040" ind1=" " ind2=" ">
    <subfield code="a">DLC</subfield>
    <subfield code="c">DLC</subfield>
  </datafield>
  <datafield tag="050" ind1="0" ind2="0">
    <subfield code="a">PK1852</subfield>
    <subfield code="b">.P29 1963</subfield>
  </datafield>
  <datafield tag="100" ind1="1" ind2=" ">
    <subfield code="a">P&#x101;&#x1E6D;haka, Jayanta Himmatal&#x101;la,</subfield>
    <subfield code="d">1920-2003.</subfield>
  </datafield>
  <datafield tag="245" ind1="1" ind2="0">
    <subfield code="a">&#x100;dhunika kavit&#x101;prav&#x101;ha /</subfield>
    <subfield code="c">Jayanta P&#x101;&#x1E6D;haka.</subfield>
  </datafield>
  <datafield tag="260" ind1=" " ind2=" ">
    <subfield code="a">S&#x16B;rata :</subfield>
    <subfield code="b">C&#x16B;n&#x12B;l&#x101;la G&#x101;ndh&#x12B; Vidy&#x101;bhavana :</subfield>
    <subfield code="b">S&#x101;rvajanika Ecyuke&#x15B;ana Sos&#x101;ya&#x1E6D;&#x12B;,</subfield>
    <subfield code="c">1963.</subfield>
  </datafield>
  <datafield tag="300" ind1=" " ind2=" ">
    <subfield code="a">7, 314 p. ;</subfield>
    <subfield code="c">19 cm.</subfield>
  </datafield>
  <datafield tag="490" ind1="1" ind2=" ">
    <subfield code="a">C&#x16B;n&#x12B;l&#x101;la G&#x101;ndh&#x12B; Vidv&#x101;bhavana prak&#x101;&#x15B;ana ;</subfield>
    <subfield code="v">11</subfield>
  </datafield>
  <datafield tag="546" ind1=" " ind2=" ">
    <subfield code="a">In Gujarati.</subfield>
  </datafield>
  <datafield tag="500" ind1=" " ind2=" ">
    <subfield code="a">A revision of the author's thesis--Gujarat University.</subfield>
  </datafield>
  <datafield tag="650" ind1=" " ind2="0">
    <subfield code="a">Gujarati poetry</subfield>
    <subfield code="x">History and criticism.</subfield>
  </datafield>
  <datafield tag="830" ind1=" " ind2="0">
    <subfield code="a">Chunilal Gandhi Vidyabhavan studies ;</subfield>
    <subfield code="v">11.</subfield>
  </datafield>
  <datafield tag="999" ind1=" " ind2=" ">
    <subfield code="c">58575</subfield>
    <subfield code="d">58575</subfield>
  </datafield>
</record>
